[Event "Women European Team Championship 2015"]
[Site "Reykjavik ISL"]
[Date "2015.11.14"]
[Round "2"]
[White "Zawadzka, Jolanta"]
[Black "Muzychuk, Anna"]
[Result "1/2-1/2"]
[WhiteElo "2439"]
[BlackElo "2534"]
[PlyCount "91"]
[EventDate "2015.11.13"]
[WhiteTeam "Poland"]
[BlackTeam "Ukraine"]

1. e4 e5 2. Nf3 Nc6 3. Bb5 a6 4. Ba4 Nf6 5. O-O Be7 6. Re1 b5 7. Bb3 d6 8. c3
O-O 9. h3 Re8 10. d4 Bb7 11. Ng5 Rf8 12. Nf3 Re8 13. Nbd2 exd4 14. cxd4 Nd7 15.
Nf1 Na5 16. Bc2 Bf6 17. N1h2 c5 18. Ng4 Bxd4 19. Nxd4 cxd4 20. Qxd4 Rc8 21. Qd1
h5 22. Ne3 Nf6 23. Bd2 Bxe4 24. Bxe4 Rxe4 25. Bxa5 Qxa5 26. Qxd6 Rd8 27. Qc5
Qb4 28. Qxb4 Rxb4 29. Re2 Ra4 30. b3 Rad4 31. Rc1 Rd2 32. Kf1 Ne4 33. Rxd2 Rxd2
34. Rc2 Rxc2 35. Nxc2 Nc3 36. Nb4 a5 37. Nc6 a4 38. bxa4 bxa4 39. Nb4 Kf8 40.
Ke1 Ke7 41. Kd2 Nb5 42. Kd3 Kd6 43. Kc4 Na3+ 44. Kd4 Nb5+ 45. Kc4 Na3+ 46. Kd4
1/2-1/2

[Event "Women European Team Championship 2015"]
[Site "Reykjavik ISL"]
[Date "2015.11.14"]
[Round "2"]
[White "Danielian, Elina"]
[Black "Kosteniuk, Alexandra"]
[Result "0-1"]
[WhiteElo "2474"]
[BlackElo "2534"]
[PlyCount "145"]
[EventDate "2015.11.13"]
[WhiteTeam "Armenia"]
[BlackTeam "Russia"]

1. Nf3 Nf6 2. g3 b6 3. Bg2 Bb7 4. O-O e6 5. c4 Be7 6. d4 O-O 7. Nc3 Ne4 8. Qc2
Nxc3 9. Qxc3 d6 10. b3 Bf6 11. Bb2 Qe7 12. Qc2 g6 13. Rad1 Bg7 14. e4 e5 15.
Rfe1 c5 16. dxe5 dxe5 17. Bh3 Qc7 18. Qc1 Nc6 19. Qg5 Nd4 20. Nxd4 exd4 21. Bc1
f5 22. Bg2 Qc6 23. f3 fxe4 24. Rxe4 Qf6 25. Qxf6 Rxf6 26. Re7 Bxf3 27. Bxf3
Rxf3 28. Bf4 Bf6 29. Rb7 Re8 30. Rf1 Rxf1+ 31. Kxf1 d3 32. Rb8 Bd8 33. Ra8 a5
34. Rb8 h5 35. h4 Kf7 36. Rb7+ Ke6 37. Ke1 Kf5+ 38. Kd2 Re2+ 39. Kxd3 Rxa2 40.
Rd7 Bxh4 41. Rd5+ Kg4 42. gxh4 Kxf4 43. Rg5 Ra3 44. Kc2 a4 45. bxa4 Rg3 46. Rd5
Rg4 47. Rd6 Kf5 48. Rxb6 Rxc4+ 49. Kb3 Rxh4 50. a5 Rh1 51. Kb2 Re1 52. a6 Re7
53. Kc3 Ra7 54. Kc4 h4 55. Rc6 h3 56. Rxc5+ Kf4 57. Kb5 h2 58. Rc4+ Kg5 59.
Rc5+ Kh4 60. Rc4+ Kh5 61. Rc1 Rh7 62. Rh1 Kg4 63. a7 Rxa7 64. Rxh2 Kg3 65. Rh6
g5 66. Kc4 Rd7 67. Ra6 g4 68. Ra3+ Kh2 69. Ra2+ Kh3 70. Ra8 g3 71. Kc3 Rg7 72.
Rh8+ Kg4 73. Kd4 0-1

[Event "Women European Team Championship 2015"]
[Site "Reykjavik ISL"]
[Date "2015.11.14"]
[Round "2"]
[White "Lagno, Kateryna"]
[Black "Mkrtchian, Lilit"]
[Result "1-0"]
[WhiteElo "2523"]
[BlackElo "2439"]
[PlyCount "71"]
[EventDate "2015.11.13"]
[WhiteTeam "Russia"]
[BlackTeam "Armenia"]

1. e4 e5 2. Nf3 Nc6 3. Bb5 a6 4. Ba4 Nf6 5. O-O Be7 6. Re1 b5 7. Bb3 d6 8. c3
O-O 9. h3 a5 10. d4 a4 11. Bc2 Bd7 12. Be3 Re8 13. Nbd2 Bf8 14. Bd3 Na5 15. Qe2
c6 16. b4 axb3 17. axb3 Qc7 18. b4 Nb7 19. Rec1 g6 20. Rxa8 Rxa8 21. dxe5 dxe5
22. c4 Bxb4 23. cxb5 c5 24. b6 Qxb6 25. Nc4 Qc7 26. Nfxe5 Be8 27. Bg5 Ra6 28.
Qb2 Re6 29. Bxf6 Rxf6 30. Ng4 Re6 31. Nce3 Qf4 32. g3 Qf3 33. Nd5 h5 34. Ngf6+
Kf8 35. Nxe8 Kxe8 36. Bb5+ 1-0

[Event "Women European Team Championship 2015"]
[Site "Reykjavik ISL"]
[Date "2015.11.14"]
[Round "2"]
[White "Galojan, Lilit"]
[Black "Gunina, Valentina"]
[Result "0-1"]
[WhiteElo "2298"]
[BlackElo "2516"]
[PlyCount "72"]
[EventDate "2015.11.13"]
[WhiteTeam "Armenia"]
[BlackTeam "Russia"]

1. Nf3 Nf6 2. g3 b6 3. Bg2 Bb7 4. c4 e6 5. O-O c5 6. b3 Be7 7. Bb2 O-O 8. e3 d5
9. Qe2 dxc4 10. bxc4 Be4 11. d4 cxd4 12. exd4 Nc6 13. Nbd2 Bg6 14. Rfd1 Rc8 15.
Nb3 a5 16. Ne5 Nxe5 17. dxe5 Nd7 18. c5 bxc5 19. Qb5 Rc7 20. Bc6 c4 21. Nxa5
Bd3 22. Bd4 f6 23. a4 fxe5 24. Bxe5 Nxe5 25. Qxe5 Kh8 26. Qe3 Bg5 27. Qb6 Bf6
28. Nb7 Qe7 29. Ra2 Rfc8 30. Na5 e5 31. Bg2 e4 32. Qe3 Rc5 33. Qe1 Qc7 34. Bxe4
Re5 35. Rxd3 cxd3 36. Nb3 Qc4 0-1

[Event "Women European Team Championship 2015"]
[Site "Reykjavik ISL"]
[Date "2015.11.15"]
[Round "3"]
[White "Kosteniuk, Alexandra"]
[Black "Zimina, Olga"]
[Result "1-0"]
[WhiteElo "2534"]
[BlackElo "2364"]
[PlyCount "77"]
[EventDate "2015.11.13"]
[WhiteTeam "Russia"]
[BlackTeam "Italy"]

1. e4 c6 2. d4 d5 3. e5 Bf5 4. Nf3 e6 5. Be2 Nd7 6. O-O h6 7. Nbd2 Ne7 8. Nb3
g5 9. Ne1 Qc7 10. Nd3 b6 11. Be3 Bg7 12. Rc1 c5 13. dxc5 Nxe5 14. Nd4 O-O 15.
cxb6 axb6 16. Nxe5 Qxe5 17. a3 Bg6 18. c3 f5 19. Re1 Qf6 20. Bb5 f4 21. Bd2 e5
22. Nc2 Rad8 23. Qe2 Rf7 24. f3 h5 25. Nb4 g4 26. Nd3 gxf3 27. gxf3 e4 28. Nxf4
exf3 29. Qxf3 Bh6 30. Qg3 Nf5 31. Qh3 Bxf4 32. Bxf4 Nh4 33. Rf1 Be4 34. Be2 Bg2
35. Qg3+ Rg7 36. Be5 Qxf1+ 37. Bxf1 Rxg3 38. Bxg3 Bxf1 39. Bxh4 1-0

[Event "Women European Team Championship 2015"]
[Site "Reykjavik ISL"]
[Date "2015.11.15"]
[Round "3"]
[White "Sedina, Elena"]
[Black "Lagno, Kateryna"]
[Result "0-1"]
[WhiteElo "2305"]
[BlackElo "2523"]
[PlyCount "132"]
[EventDate "2015.11.13"]
[WhiteTeam "Italy"]
[BlackTeam "Russia"]

1. e4 e5 2. Nf3 Nc6 3. Bc4 Bc5 4. O-O Nf6 5. d3 d6 6. c3 a5 7. Bb3 O-O 8. Nbd2
Be6 9. a4 h6 10. Nc4 Ba7 11. Re1 Re8 12. Be3 Bxe3 13. Nxe3 Qd7 14. Bxe6 Qxe6
15. h3 Rad8 16. Qc2 d5 17. Rad1 dxe4 18. dxe4 Ne7 19. b3 Ng6 20. c4 Nf4 21. Nd5
N6h5 22. Nxf4 Nxf4 23. Kh2 Qg6 24. g3 Qh5 25. Ng1 Ne6 26. Qe2 Qxe2 27. Nxe2 Ng5
28. Kg2 Nxe4 29. Nc1 Rxd1 30. Rxd1 Nc5 31. Rd5 b6 32. Kf3 f5 33. Ke3 Kf7 34.
Nd3 Nxb3 35. Nxe5+ Kf6 36. f4 Nc5 37. Kd4 Nxa4 38. Rd7 Re7 39. Rd8 Ke6 40. g4
Nc5 41. Rf8 fxg4 42. hxg4 Kd6 43. Rd8+ Rd7 44. Rg8 Ne6+ 45. Kc3 Re7 46. Ng6 Rf7
47. f5 Nc5 48. Rd8+ Rd7 49. Re8 c6 50. Nf4 Re7 51. Rd8+ Kc7 52. Rg8 Ne4+ 53.
Kd4 Nf6 54. Ne6+ Kd6 55. Rb8 c5+ 56. Kd3 Nxg4 57. Rxb6+ Ke5 58. Nxc5 Kxf5 59.
Nb3 h5 60. Nd4+ Kf4 61. c5 h4 62. Ne2+ Ke5 63. Rg6 Kf5 64. Rb6 Nf2+ 65. Kd2
Ne4+ 66. Kd1 h3 0-1

[Event "Women European Team Championship 2015"]
[Site "Reykjavik ISL"]
[Date "2015.11.15"]
[Round "3"]
[White "Gunina, Valentina"]
[Black "Brunello, Marina"]
[Result "0-1"]
[WhiteElo "2516"]
[BlackElo "2292"]
[PlyCount "154"]
[EventDate "2015.11.13"]
[WhiteTeam "Russia"]
[BlackTeam "Italy"]

1. d4 d5 2. c4 c6 3. Nf3 Nf6 4. e3 e6 5. Nbd2 Bd6 6. b3 Ne4 7. Nxe4 dxe4 8. Nd2
f5 9. c5 Bc7 10. Qh5+ g6 11. Qh6 Nd7 12. Bb2 Nf6 13. f3 exf3 14. gxf3 Qe7 15.
Rg1 Rf8 16. O-O-O Bd7 17. Nc4 O-O-O 18. Qh4 Kb8 19. Bc3 b6 20. Bb2 b5 21. Ne5
Bxe5 22. dxe5 Qxc5+ 23. Kb1 Nd5 24. Bd4 Qb4 25. Rc1 Rc8 26. Qxh7 c5 27. Bb2
Rfd8 28. e4 fxe4 29. Rg4 Be8 30. Rxe4 Qa5 31. Qg8 Bc6 32. Qxe6 Nb4 33. Rxb4
Qxb4 34. Bh3 Bxf3 35. Qe7 Qe4+ 36. Ka1 Bg4 37. Qh4 Rd4 38. Qg3 Bxh3 39. e6+ Ka8
40. Qxh3 Rd3 41. Qf1 Re3 42. Qxb5 Qxe6 43. Qa5 Re2 44. h4 Qe4 45. Qa6 Qe6 46.
Qa5 Re4 47. Rh1 Qd5 48. Qa6 Rce8 49. Rc1 Rg4 50. Qb5 Rc8 51. Qa6 Qc6 52. Qxc6+
Rxc6 53. Ba3 c4 54. Be7 Kb7 55. bxc4 Rgxc4 56. Rb1+ Rb6 57. Rf1 Kc8 58. Bg5 Re4
59. Rc1+ Kd7 60. Rd1+ Ke6 61. Rf1 Kd5 62. Rh1 Kc4 63. Rc1+ Kd3 64. Rd1+ Ke2 65.
Rd7 Kf3 66. a3 a6 67. Rd5 Re1+ 68. Ka2 Re2+ 69. Ka1 Rb3 70. a4 Ra3+ 71. Kb1
Rxa4 72. Rd6 Rb4+ 73. Kc1 Rg4 74. Rf6+ Ke4 75. Re6+ Kd3 76. Rd6+ Kc4 77. Kd1
Ra2 0-1

[Event "Women European Team Championship 2015"]
[Site "Reykjavik ISL"]
[Date "2015.11.15"]
[Round "3"]
[White "Khotenashvili, Bela"]
[Black "Muzychuk, Anna"]
[Result "1/2-1/2"]
[WhiteElo "2512"]
[BlackElo "2534"]
[PlyCount "80"]
[EventDate "2015.11.13"]
[WhiteTeam "Georgia"]
[BlackTeam "Ukraine"]

1. c4 c6 2. Nf3 d5 3. e3 Nf6 4. Nc3 e6 5. b3 Bd6 6. Bb2 O-O 7. Qc2 e5 8. cxd5
cxd5 9. Nb5 Nc6 10. Nxd6 Qxd6 11. d4 Nb4 12. Qd1 e4 13. Ne5 Ne8 14. a3 f6 15.
axb4 Qxb4+ 16. Qd2 Qxd2+ 17. Kxd2 fxe5 18. Ke1 exd4 19. Bxd4 a6 20. Be2 Bd7 21.
f4 exf3 22. gxf3 Nd6 23. Kd2 Bb5 24. Bd1 Rae8 25. f4 Ne4+ 26. Kc1 Rc8+ 27. Kb2
Rf7 28. Rg1 Bd3 29. Ra5 Nf2 30. Bf3 Be4 31. Bxe4 dxe4 32. Rag5 g6 33. Rd5 Nd3+
34. Ka3 Rcf8 35. b4 Rf5 36. Rd7 R8f7 37. Rd8+ Rf8 38. Rd7 R8f7 39. Rd8+ Rf8 40.
Rd7 R8f7 1/2-1/2

[Event "Women European Team Championship 2015"]
[Site "Reykjavik ISL"]
[Date "2015.11.15"]
[Round "3"]
[White "Batsiashvili, Nino"]
[Black "Gaponenko, Inna"]
[Result "1-0"]
[WhiteElo "2509"]
[BlackElo "2401"]
[PlyCount "67"]
[EventDate "2015.11.13"]
[WhiteTeam "Georgia"]
[BlackTeam "Ukraine"]

1. d4 d5 2. c4 e6 3. Nc3 c6 4. Nf3 dxc4 5. g3 b5 6. Bg2 Bb7 7. Ne5 a6 8. a4 Nf6
9. axb5 axb5 10. Rxa8 Bxa8 11. Bg5 Qb6 12. O-O h6 13. Bxf6 gxf6 14. Ng4 Nd7 15.
e4 h5 16. Ne3 h4 17. Qd2 hxg3 18. hxg3 Bb7 19. Rd1 Bc8 20. Qe2 Ba6 21. d5 b4
22. dxe6 fxe6 23. Qg4 Ke7 24. Bh3 Rxh3 25. Qxh3 Ne5 26. Qh7+ Nf7 27. Ne2 c3 28.
Nf4 cxb2 29. Ng6+ Ke8 30. Ng4 Qd8 31. Rxd8+ Kxd8 32. Nxf8 b1=Q+ 33. Kh2 Ke8 34.
Ng6 1-0

[Event "Women European Team Championship 2015"]
[Site "Reykjavik ISL"]
[Date "2015.11.14"]
[Round "2"]
[White "Sebag, Marie"]
[Black "L'Ami, Alina"]
[Result "1-0"]
[WhiteElo "2496"]
[BlackElo "2364"]
[PlyCount "117"]
[EventDate "2015.11.13"]
[WhiteTeam "France"]
[BlackTeam "Romania"]

1. e4 e6 2. d4 d5 3. Nd2 Nf6 4. e5 Nfd7 5. Bd3 c5 6. c3 Nc6 7. Ne2 cxd4 8. cxd4
f6 9. exf6 Nxf6 10. O-O Bd6 11. Nf3 O-O 12. Bf4 Bxf4 13. Nxf4 Ne4 14. Qc1 Ng5
15. Nxg5 Qxg5 16. Ne2 Qxc1 17. Raxc1 a6 18. a3 Bd7 19. Rc3 e5 20. dxe5 Nxe5 21.
Rd1 Nxd3 22. Rcxd3 Bb5 23. Re3 Bxe2 24. Rxe2 Rad8 25. Red2 Rf5 26. f3 Kf7 27.
Rd4 Rd7 28. Kf2 Ke6 29. R1d2 Rf8 30. Rc2 Ke5 31. Ke3 Rf6 32. Kd3 Rb6 33. Re2+
Kd6 34. Rh4 Rc7 35. Rc2 Rxc2 36. Kxc2 Rc6+ 37. Kd3 h6 38. Rg4 Rc7 39. Rg6+ Ke5
40. h4 Rd7 41. h5 Kf4 42. Kd4 Re7 43. Rg4+ Kf5 44. Kxd5 Re2 45. b4 Ra2 46. Rxg7
Rxa3 47. Rxb7 Kg5 48. Rg7+ Kxh5 49. f4 Ra4 50. f5 Rxb4 51. f6 Rf4 52. f7 Rf1
53. Ke6 Re1+ 54. Kd7 Rf1 55. Ke8 Re1+ 56. Kf8 Kh4 57. Kg8 Rf1 58. f8=Q Rxf8+
59. Kxf8 1-0

[Event "Women European Team Championship 2015"]
[Site "Reykjavik ISL"]
[Date "2015.11.15"]
[Round "3"]
[White "Peng, Zhaoqin"]
[Black "Sebag, Marie"]
[Result "0-1"]
[WhiteElo "2383"]
[BlackElo "2496"]
[PlyCount "88"]
[EventDate "2015.11.13"]
[WhiteTeam "Netherlands"]
[BlackTeam "France"]

1. d4 d5 2. c4 c6 3. Nc3 Nf6 4. e3 e6 5. Nf3 Nbd7 6. Qc2 Bd6 7. b3 O-O 8. Bb2
e5 9. dxe5 Nxe5 10. O-O-O Qe7 11. Nxe5 Bxe5 12. cxd5 cxd5 13. Nxd5 Nxd5 14.
Rxd5 Bf6 15. Bxf6 Qxf6 16. Kb1 Be6 17. Rd4 Rac8 18. Qd2 Bf5+ 19. Bd3 Bxd3+ 20.
Rxd3 Qg6 21. g3 a5 22. Rc1 Rcd8 23. Rcc3 b5 24. Qc2 Rb8 25. Rd4 Qe6 26. Rc6 Qh3
27. Kb2 g6 28. Rc7 Qxh2 29. Rf4 Qg1 30. Qc3 b4 31. Qc4 Rbd8 32. Qc2 Qe1 33. Rd4
Rxd4 34. exd4 Kg7 35. Qd3 Qxf2+ 36. Rc2 Qf6 37. a3 Rd8 38. Rd2 bxa3+ 39. Kxa3
Qd6+ 40. Kb2 a4 41. d5 axb3 42. Qd4+ Kg8 43. Rd3 Ra8 44. Rxb3 Qa6 0-1

[Event "Women European Team Championship 2015"]
[Site "Reykjavik ISL"]
[Date "2015.11.16"]
[Round "4"]
[White "Dzagnidze, Nana"]
[Black "Kosteniuk, Alexandra"]
[Result "1/2-1/2"]
[WhiteElo "2566"]
[BlackElo "2534"]
[PlyCount "175"]
[EventDate "2015.11.13"]
[WhiteTeam "Georgia"]
[BlackTeam "Russia"]

1. d4 Nf6 2. Nf3 d5 3. c4 e6 4. Nbd2 Be7 5. g3 O-O 6. Bg2 b6 7. O-O Bb7 8. b3
c5 9. Bb2 Nc6 10. cxd5 Nxd5 11. dxc5 Bxc5 12. Qb1 Be7 13. e4 Ndb4 14. a3 Nd3
15. Bc3 Nc5 16. Nc4 b5 17. Rd1 Qc7 18. Ne3 Rfd8 19. Qc2 Rac8 20. Rxd8+ Nxd8 21.
Nd4 Bxe4 22. Bxe4 Nxe4 23. Qxe4 Qxc3 24. Rd1 Nc6 25. Nxe6 Qe5 26. Qxe5 Nxe5 27.
Nd4 Bxa3 28. Nxb5 Bc5 29. Rc1 Nd3 30. Rc3 Rd8 31. Kf1 Bb4 32. Rc2 a5 33. Ke2
Nc5 34. Na7 Nxb3 35. Nc6 Nd4+ 36. Nxd4 Rxd4 37. Rc8+ Bf8 38. Ra8 a4 39. Nf5
Re4+ 40. Kf3 Re5 41. Ne3 a3 42. Nc4 Re1 43. Nb6 Rd1 44. Ke2 Rd6 45. Nc4 Re6+
46. Kd2 g5 47. Nxa3 Rh6 48. Nc4 Rxh2 49. Ke2 Kg7 50. Ra5 f6 51. Ne3 Rh1 52. Nf1
h5 53. Ne3 Kg6 54. Ra8 Bc5 55. Rg8+ Kf7 56. Rc8 Bd4 57. Rc7+ Ke6 58. Rh7 Bc5
59. Kf3 Rh2 60. Ke2 f5 61. Rh6+ Ke5 62. Rc6 Bd4 63. Rc8 h4 64. Re8+ Kf6 65.
gxh4 gxh4 66. Rf8+ Kg6 67. Rg8+ Kf7 68. Rd8 Bf6 69. Rd5 Rh1 70. Rxf5 Kg6 71.
Ra5 h3 72. Kf3 Rg1 73. Ng4 Bd4 74. Rd5 Bg7 75. Rb5 Bd4 76. Rd5 Bg7 77. Rb5 Bf8
78. Rb8 Bg7 79. Rb6+ Kh5 80. Rb5+ Kh4 81. Ne3 Bf8 82. Rb7 Kg5 83. Rb5+ Kh4 84.
Nf5+ Kg5 85. Ne3+ Kg6 86. Rb6+ Kf7 87. Ng4 Bg7 88. Ke4 1/2-1/2

[Event "Women European Team Championship 2015"]
[Site "Reykjavik ISL"]
[Date "2015.11.16"]
[Round "4"]
[White "Lagno, Kateryna"]
[Black "Khotenashvili, Bela"]
[Result "1-0"]
[WhiteElo "2523"]
[BlackElo "2512"]
[PlyCount "117"]
[EventDate "2015.11.13"]
[WhiteTeam "Russia"]
[BlackTeam "Georgia"]

1. e4 e5 2. Nf3 Nc6 3. Bc4 Nf6 4. Ng5 d5 5. exd5 Na5 6. Bb5+ c6 7. dxc6 bxc6 8.
Bd3 h6 9. Ne4 Nd5 10. O-O Be7 11. Ng3 O-O 12. Bf5 Ba6 13. d3 Re8 14. Nc3 Bf8
15. Bd2 Rb8 16. Rb1 g6 17. Be4 Bc8 18. Re1 Bg7 19. Bf3 f5 20. Na4 Nb7 21. c4
Ne7 22. Bc3 f4 23. Nf1 Qd6 24. b4 Bd7 25. c5 Qc7 26. d4 Bf5 27. Rb2 Red8 28.
Rd2 e4 29. Bxe4 Bxe4 30. Rxe4 Nd5 31. Re6 Kf7 32. Re1 Qd7 33. Qf3 g5 34. Rde2
Bf6 35. h3 Kg7 36. Re4 Rh8 37. Bd2 Nd8 38. a3 Nf7 39. Nc3 Nc7 40. R4e2 Rhd8 41.
Nh2 Kf8 42. Ng4 Bxd4 43. Re7 Qxe7 44. Rxe7 Kxe7 45. Qxc6 Rbc8 46. Nxh6 Ne6 47.
Qb7+ Rc7 48. Nd5+ Rxd5 49. Ng8+ Ke8 50. Qxd5 Nfd8 51. Nh6 Rd7 52. Qa2 Be5 53.
c6 Rd3 54. b5 Bd6 55. Qc2 Rd5 56. Bc3 f3 57. g3 Rxb5 58. Qg6+ Kf8 59. Bf6 1-0

[Event "Women European Team Championship 2015"]
[Site "Reykjavik ISL"]
[Date "2015.11.16"]
[Round "4"]
[White "Batsiashvili, Nino"]
[Black "Gunina, Valentina"]
[Result "0-1"]
[WhiteElo "2509"]
[BlackElo "2516"]
[PlyCount "148"]
[EventDate "2015.11.13"]
[WhiteTeam "Georgia"]
[BlackTeam "Russia"]

1. d4 d5 2. c4 c6 3. cxd5 cxd5 4. Nc3 Nf6 5. Bf4 Nc6 6. e3 Bg4 7. Qb3 Na5 8.
Qa4+ Bd7 9. Qc2 Rc8 10. Bd3 e6 11. Nf3 Nc4 12. O-O b5 13. a3 Be7 14. h3 O-O 15.
Ne5 a5 16. Nxd7 Qxd7 17. Qe2 a4 18. Rac1 g6 19. Rfd1 Nh5 20. Bh6 Rfe8 21. e4
Bf8 22. Bxf8 Kxf8 23. Bxc4 Rxc4 24. exd5 exd5 25. Qf3 Rd8 26. Na2 Qd6 27. Rxc4
bxc4 28. Nb4 Qe6 29. Qe3 Qxe3 30. fxe3 Ng3 31. Kf2 Ne4+ 32. Ke1 Rd6 33. Rc1 h5
34. h4 Kg7 35. Rc2 Kf6 36. Ke2 Kf5 37. Kf3 f6 38. g3 g5 39. Rc1 Rd7 40. Rc2 Ke6
41. Rh2 g4+ 42. Kf4 Rg7 43. Na6 Ra7 44. Nb4 Rc7 45. Rc2 Rc8 46. Na6 Kf7 47. Nb4
Ke6 48. Na6 Rc6 49. Nb4 Rb6 50. Rg2 Rb7 51. Rc2 Re7 52. Nc6 Re8 53. Nb4 Nd6 54.
Na2 Kf7 55. Nc3 Kg6 56. e4 dxe4 57. Re2 f5 58. Nxa4 Nb5 59. Ke3 Rd8 60. Rd2 Ra8
61. Nb6 c3 62. bxc3 Rxa3 63. d5 Rxc3+ 64. Kf4 Rf3+ 65. Ke5 e3 66. Re2 f4 67.
gxf4 Nc3 68. d6 Nxe2 69. d7 Nd4 70. Kd5 Ne6 71. Kxe6 e2 72. d8=Q e1=Q+ 73. Kd6
Rd3+ 74. Nd5 Rxd5+ 0-1

[Event "Women European Team Championship 2015"]
[Site "Reykjavik ISL"]
[Date "2015.11.16"]
[Round "4"]
[White "Sebag, Marie"]
[Black "Lazarne Vajda, Szidonia"]
[Result "1/2-1/2"]
[WhiteElo "2496"]
[BlackElo "2358"]
[PlyCount "100"]
[EventDate "2015.11.13"]
[WhiteTeam "France"]
[BlackTeam "Hungary"]

1. e4 e5 2. Nf3 Nc6 3. Bb5 Nf6 4. O-O Nxe4 5. Re1 Nd6 6. Nxe5 Be7 7. Bf1 Nxe5
8. Rxe5 O-O 9. Nc3 Ne8 10. Nd5 Bd6 11. Re1 c6 12. Ne3 Bc7 13. Nf5 d5 14. Ne7+
Kh8 15. Nxc8 Rxc8 16. d3 Qd7 17. Qf3 Nd6 18. g3 Rce8 19. Bd2 Kg8 20. c3 Rxe1
21. Rxe1 Re8 22. c4 Rxe1 23. Bxe1 dxc4 24. dxc4 Qe6 25. Qe2 Qxe2 26. Bxe2 c5
27. Bd3 h6 28. Kf1 Kf8 29. Bc3 a5 30. b3 f6 31. f4 b6 32. Ke2 Ke7 33. Kf3 Kf7
34. h3 g6 35. g4 Bd8 36. Be4 Be7 37. Bd5+ Ke8 38. Be6 Bd8 39. Bd5 Ke7 40. h4
Ne8 41. Be4 Kf7 42. h5 gxh5 43. gxh5 Nd6 44. f5 Be7 45. Bd2 Bf8 46. Bd5+ Ke7
47. Be6 Kd8 48. a3 Kc7 49. Bc3 Be7 50. Bd2 Bf8 1/2-1/2

[Event "Women European Team Championship 2015"]
[Site "Reykjavik ISL"]
[Date "2015.11.16"]
[Round "4"]
[White "Zimina, Olga"]
[Black "Muzychuk, Mariya"]
[Result "1/2-1/2"]
[WhiteElo "2364"]
[BlackElo "2542"]
[PlyCount "57"]
[EventDate "2015.11.13"]
[WhiteTeam "Italy"]
[BlackTeam "Ukraine"]

1. Nf3 c5 2. c4 Nc6 3. Nc3 Nf6 4. d4 cxd4 5. Nxd4 e6 6. a3 Bc5 7. Nf3 d5 8. e3
dxc4 9. Qxd8+ Kxd8 10. Bxc4 Ke7 11. b4 Bd6 12. Nb5 Bb8 13. Bb2 e5 14. O-O Be6
15. Bxe6 Kxe6 16. Ng5+ Ke7 17. Nc3 Bc7 18. Rac1 Rac8 19. Rfd1 Rhd8 20. Rxd8
Rxd8 21. Nge4 Nxe4 22. Nxe4 Rd5 23. Kf1 Bb6 24. Ke2 f6 25. Nc3 Rd7 26. Na4 Rd5
27. Nc3 Rd7 28. Na4 Rd5 29. Nc3 1/2-1/2

[Event "Women European Team Championship 2015"]
[Site "Reykjavik ISL"]
[Date "2015.11.16"]
[Round "4"]
[White "Muzychuk, Anna"]
[Black "Sedina, Elena"]
[Result "1-0"]
[WhiteElo "2534"]
[BlackElo "2305"]
[PlyCount "97"]
[EventDate "2015.11.13"]
[WhiteTeam "Ukraine"]
[BlackTeam "Italy"]

1. e4 e6 2. d4 d5 3. Nc3 Nf6 4. Bg5 dxe4 5. Nxe4 Nbd7 6. Nf3 h6 7. Bxf6 Nxf6 8.
Bd3 c5 9. Nxf6+ gxf6 10. Qe2 Bd7 11. d5 Qa5+ 12. c3 O-O-O 13. dxe6 fxe6 14. Bc4
e5 15. O-O-O h5 16. Qe4 Qa4 17. Kb1 Be7 18. b3 Qa5 19. Rxd7 Rxd7 20. Be6 Rhd8
21. Rd1 Qb6 22. Qf5 Qc6 23. Kc2 Kc7 24. Rxd7+ Rxd7 25. Bxd7 Qxd7 26. Qxh5 c4
27. Qh7 cxb3+ 28. axb3 Bc5 29. Qg6 Qc6 30. Nd2 Bxf2 31. Ne4 Be1 32. Qf7+ Kc8
33. Qf8+ Kc7 34. Qe7+ Kb6 35. Qd8+ Ka6 36. Qxf6 Qxf6 37. Nxf6 Kb5 38. g3 Bf2
39. Ng4 Bg1 40. h4 e4 41. h5 Bc5 42. Nf6 e3 43. Kd3 Kc6 44. g4 a5 45. c4 b5 46.
cxb5+ Kxb5 47. g5 Kb4 48. h6 Bf8 49. Nd7 1-0

[Event "Women European Team Championship 2015"]
[Site "Reykjavik ISL"]
[Date "2015.11.17"]
[Round "5"]
[White "Kosteniuk, Alexandra"]
[Black "Sebag, Marie"]
[Result "1-0"]
[WhiteElo "2534"]
[BlackElo "2496"]
[PlyCount "93"]
[EventDate "2015.11.13"]
[WhiteTeam "Russia"]
[BlackTeam "France"]

1. e4 c5 2. Nf3 d6 3. d4 cxd4 4. Nxd4 Nf6 5. Nc3 a6 6. Be2 e5 7. Nb3 Be7 8. O-O
O-O 9. Re1 Be6 10. Bf3 Qc7 11. a4 Nc6 12. Nd5 Bxd5 13. exd5 Na5 14. Nd2 Rac8
15. c3 b5 16. Nf1 Nd7 17. Be2 Rb8 18. axb5 axb5 19. Ne3 f5 20. Ra3 e4 21. Nc2
Nc4 22. Ra2 Qc5 23. Nd4 Qxd5 24. b3 Ncb6 25. Ra5 Ne5 26. Rxb5 Qf7 27. f4 exf3
28. Nxf3 Qf6 29. Be3 Nbd7 30. Qd5+ Qf7 31. Qxf7+ Kxf7 32. Nd4 g6 33. b4 Rfc8
34. Rxb8 Nxb8 35. Nb5 Nbc6 36. Bd1 d5 37. Bb3 Nc4 38. Bf2 h5 39. Rd1 Ke6 40.
Bg3 N6e5 41. Nd4+ Kf6 42. Ra1 Nd6 43. Ne2 Ne4 44. Ra6+ Bd6 45. Bxd5 Rd8 46.
Bxe4 fxe4 47. Nd4 1-0

[Event "Women European Team Championship 2015"]
[Site "Reykjavik ISL"]
[Date "2015.11.17"]
[Round "5"]
[White "Skripchenko, Almira"]
[Black "Lagno, Kateryna"]
[Result "1/2-1/2"]
[WhiteElo "2443"]
[BlackElo "2523"]
[PlyCount "83"]
[EventDate "2015.11.13"]
[BlackTeam "Russia"]

1. e4 e5 2. Nf3 Nc6 3. Bb5 a6 4. Ba4 Nf6 5. O-O b5 6. Bb3 Bc5 7. d3 d6 8. c3 h6
9. Re1 O-O 10. Nbd2 Bb6 11. a4 Rb8 12. axb5 axb5 13. Nf1 Be6 14. Be3 b4 15.
Bxe6 fxe6 16. Bxb6 Rxb6 17. d4 bxc3 18. bxc3 Qe8 19. Rb1 Rxb1 20. Qxb1 exd4 21.
cxd4 e5 22. d5 Ne7 23. Rc1 Qd7 24. Ng3 Ne8 25. Qb3 Ng6 26. Ne1 Nf4 27. Nd3 Qf7
28. Nxf4 Qxf4 29. Qc2 g6 30. Nf1 Rf7 31. Ra1 Kh7 32. f3 g5 33. Ra8 Ng7 34. Rc8
g4 35. Rxc7 Rxc7 36. Qxc7 gxf3 37. gxf3 Qxf3 38. Ng3 h5 39. Nf5 Qg4+ 40. Kf2
Qf4+ 41. Kg1 Qg4+ 42. Kf2 1/2-1/2

[Event "Women European Team Championship 2015"]
[Site "Reykjavik ISL"]
[Date "2015.11.17"]
[Round "5"]
[White "Gunina, Valentina"]
[Black "Guichard, Pauline"]
[Result "1-0"]
[WhiteElo "2516"]
[BlackElo "2338"]
[PlyCount "89"]
[EventDate "2015.11.13"]
[WhiteTeam "Russia"]
[BlackTeam "France"]

1. d4 Nf6 2. c4 e6 3. Nf3 Bb4+ 4. Bd2 a5 5. g3 d6 6. Bg2 Nbd7 7. O-O e5 8. Be3
O-O 9. Qc2 exd4 10. Bxd4 Re8 11. Nc3 Bc5 12. Rad1 Qe7 13. Rfe1 c6 14. Na4 Bb4
15. Nd2 Ra6 16. a3 Bc5 17. Nxc5 dxc5 18. Bc3 b5 19. b3 Ne5 20. h3 a4 21. bxa4
Nxc4 22. Nxc4 bxc4 23. Bxf6 Qxf6 24. Qxc4 Ra5 25. e4 Qe5 26. Qc2 Be6 27. f4 Qb8
28. Rb1 Qa7 29. f5 Bc8 30. e5 c4+ 31. Kh2 Raxe5 32. Rxe5 Rxe5 33. Qxc4 Bxf5 34.
Qd4 Qa8 35. Rb5 f6 36. Rxe5 fxe5 37. Qxe5 g6 38. a5 Qa6 39. Qc5 Qe2 40. Qd4 Bd3
41. Qd8+ Kg7 42. Qc7+ Kg8 43. Qxc6 Ba6 44. Qe4 Qb5 45. Qd5+ 1-0

[Event "Women European Team Championship 2015"]
[Site "Reykjavik ISL"]
[Date "2015.11.17"]
[Round "5"]
[White "Foisor, Cristina-Adela"]
[Black "Muzychuk, Mariya"]
[Result "1/2-1/2"]
[WhiteElo "2346"]
[BlackElo "2542"]
[PlyCount "56"]
[EventDate "2015.11.13"]
[BlackTeam "Ukraine"]

1. c4 c5 2. Nc3 Nc6 3. Nf3 g6 4. e3 Nf6 5. d4 cxd4 6. exd4 d5 7. cxd5 Nxd5 8.
Qb3 e6 9. Bg5 Be7 10. Bh6 Bf8 11. Bg5 f6 12. Bd2 Kf7 13. Be2 b6 14. Nxd5 exd5
15. Rc1 Bb7 16. O-O Rc8 17. Rfe1 Bg7 18. Bb5 a6 19. Bf1 h6 20. g3 f5 21. Bc3
Bf6 22. Bg2 Kg7 23. Ne5 Na7 24. Nd3 Rc4 25. Ne5 Rc8 26. Nd3 Rc4 27. Ne5 Rc8 28.
Nd3 Rc4 1/2-1/2

[Event "Women European Team Championship 2015"]
[Site "Reykjavik ISL"]
[Date "2015.11.17"]
[Round "5"]
[White "Muzychuk, Anna"]
[Black "Bulmaga, Irina"]
[Result "1-0"]
[WhiteElo "2534"]
[BlackElo "2391"]
[PlyCount "63"]
[EventDate "2015.11.13"]
[WhiteTeam "Ukraine"]
[BlackTeam "Romania"]

1. c4 Nf6 2. Nc3 e6 3. e4 d5 4. e5 d4 5. exf6 dxc3 6. bxc3 Qxf6 7. d4 e5 8. Nf3
Nc6 9. Bg5 Qg6 10. d5 Nb8 11. h4 h6 12. Be3 Nd7 13. Qa4 c6 14. h5 Qd6 15. Rd1
Qc7 16. dxc6 bxc6 17. Bd3 Be7 18. Be4 Bb7 19. Rb1 O-O 20. O-O Nf6 21. Rxb7 Qxb7
22. Bxc6 Qc7 23. Bxa8 Rxa8 24. Rd1 e4 25. Nd2 Bd6 26. Nf1 Nxh5 27. c5 Bxc5 28.
Qc4 Rc8 29. Bxc5 Nf6 30. Ne3 Kh8 31. Rd4 Qf4 32. Qxf7 1-0